Canto al sol /
Furkejuvvon:
| Váldodahkki: | |
|---|---|
| Materiálatiipa: | Dovdameahttun |
| Giella: | Spanish |
| Almmustuhtton: |
[Lugar de publicación no identificado :
editor no identificado,
fecha de publicación no identificada]
|
| Fáttát: | |
| Fáddágilkorat: |
Lasit fáddágilkoriid
Eai fáddágilkorat, Lasit vuosttaš fáddágilkora!
|
MARC
| LEADER | 000000000a22000000004500 | ||
|---|---|---|---|
| 001 | 002674 | ||
| 041 | 0 | |a spa | |
| 082 | 0 | 4 | |a Cu861.4 |b V297c |
| 100 | 1 | |a Vargas Mena, Argentina | |
| 245 | 1 | 0 | |a Canto al sol / |c Argentina Vargas Mena. |
| 260 | 1 | |a [Lugar de publicación no identificado : |b editor no identificado, |c fecha de publicación no identificada] | |
| 300 | |a 33 páginas | ||
| 650 | 4 | |a LITERATURA CUBANA | |
| 650 | 4 | |a POESIA | |
| 999 | |c 9046 |d 9046 | ||
| 942 | |c BK |h Cu861.4 V297c |2 z | ||
